000 00446cam a2200193ua 4500
020 _c3.50
041 _ahin
_h
082 _a891.54
_bSHA/OT
100 _aShakespeare, William.
245 _aOthello /
_cWilliam Shakespeare.
_hTextual Documents
250 _a1 /
_b.
260 _a :
_bRajpal and Sanch ,
_c1959.
300 _a232 ; .
365 _a3.50
504 _a
942 _cBK
999 _c8264
_d8264